书目信息 |
| 题名: |
THEORY OF ELASTICITY
|
|
| 作者: | L.D.LANDAU and E.M.LIFSHITZ ;J.B.SYKES and W.H.REID | |
| 分册: | ||
| 出版信息: | 北京 世界图书出版公司 1999 |
|
| 页数: | 187页 | |
| 开本: | 20cm | |
| 丛书名: | ||
| 单 册: | ||
| 中图分类: | TU313.1 | |
| 科图分类: | ||
| 主题词: | 建筑结构--理论 , 建筑结构--结构计算 | |
| 电子资源: | ||
| ISBN: | 7-5062-4261-3 | |
| 000 | 00623nam0 2200217 450 | |
| 001 | 0735592734 | |
| 005 | 20070906095312.73 | |
| 010 | @a7-5062-4261-3@d¥38.00 | |
| 100 | @a20070906d km y0chiy0120 ea | |
| 101 | 0 | @achi |
| 200 | 1 | @aTHEORY OF ELASTICITY@fL.D.LANDAU and E.M.LIFSHITZ@gJ.B.SYKES and W.H.REID |
| 205 | @a3版 | |
| 210 | @a北京@c世界图书出版公司@d1999 | |
| 215 | @a187页@d20cm | |
| 606 | 0 | @a建筑结构@x理论 |
| 606 | 0 | @a建筑结构@x结构计算 |
| 690 | @aTU313.1@v3 | |
| 701 | 0 | @aL.D.LANDAU and E.M.LIFSHITZ |
| 702 | 0 | @aJ.B.SYKES and W.H.REID |
| 801 | 0 | @aCN@bPFT@c20070906 |
| 905 | @a213230@dTU313.1@eP1@f1 | |
| THEORY OF ELASTICITY/L.D.LANDAU and E.M.LIFSHITZ/J.B.SYKES and W.H.REID.-3版.-北京:世界图书出版公司,1999 |
| 187页;20cm |
| ISBN 7-5062-4261-3:¥38.00 |
| ● |
| 相关链接 |
|
|
|
|
正题名:THEORY OF ELASTICITY
索取号:TU313.1/P1
 
预约/预借
| 序号 | 登录号 | 条形码 | 馆藏地/架位号 | 状态 | 备注 |
| 1 | 7200036 | 272000363 | 密集书库-物理学院/ [索取号:TU313.1/P1] | 在馆 |